| 000 | 01143cam a2200241 4500 | ||
|---|---|---|---|
| 001 | ABS63432 | ||
| 008 | 000000n2001 000 0 eng u | ||
| 035 | _a(Sirsi) u110455 | ||
| 100 | _aBell, J. | ||
| 245 | 4 | _aThe FM skills crisis | |
| 260 | _c2001 | ||
| 490 |
_aFacilities Management _v8(4) January 2001, 10-11(2) |
||
| 520 | _aExamines concerns that under-investment in education and training in facilities management has created a skills crisis that could lead to increased wage costs and poses a threat to service delivery. Discusses the wider changes taking place within facilities management; the development of recognised standards and qualifications, including the role of the Property Services National Training Organisation (PSNTO); and efforts to make sense of what is described as a fragmented and contradictory education and training environment. | ||
| 590 | _aABS | ||
| 650 | _aCAREERS, EDUCATION AND TRAINING | ||
| 650 | _aFACULTIES | ||
| 650 | _aPSNTO | ||
| 650 | _aRICS | ||
| 650 | _aSKILLS SHORTAGES | ||
| 650 | _aCAREERS, EDUCATION AND TRAINING | ||
| 690 | _aMANAGEMENT-FACILITIES MANAGEMENT | ||
| 942 | _n0 | ||
| 999 |
_c65855 _d65855 |
||